| 000 | 00716cam a22002413a 4500 | ||
|---|---|---|---|
| 001 | 30873 | ||
| 003 | PGUSA | ||
| 005 | 20140828083652.0 | ||
| 008 | 100106s2010||||xxu|||||s|||||000 1 eng d | ||
| 040 |
_aPGUSA _beng |
||
| 042 | _adc | ||
| 050 | 4 | _aPS | |
| 100 | 1 |
_aWells, David Dwight, _d1868-1900 |
|
| 245 | 1 | 0 |
_aHis Lordship's Leopard : _bA Truthful Narration of Some Impossible Facts _h[electronic resource] / _cDavid Dwight Wells |
| 260 |
_bProject Gutenberg, _c2010 |
||
| 506 | _aPublic domain in the USA. | ||
| 516 | _aElectronic text | ||
| 653 | _aSpies -- Fiction | ||
| 653 | _aHumorous stories | ||
| 830 | 0 |
_aProject Gutenberg _v30873 |
|
| 856 | 4 | 0 | _uhttp://www.gutenberg.org/ebooks/30873 |
| 942 | _cEB | ||
| 999 |
_c260128 _d260128 |
||